[Event "Carlos Di Sarli in memorian"]
[Site "SchemingMind.com"]
[Date "2006.12.11"]
[Round "-"]
[White "Manfred Kraut"]
[Black "Guillote"]
[Result "0-1"]
[WhiteCountry "GER"]
[BlackCountry "ARG"]
[WhiteElo "1297"]
[WhiteRD "60"]
[BlackElo "1587"]
[BlackRD "76"]
[GameID "81432"]

1. e4 e5 2. Nf3 Nc6 3. Bc4 Bc5 4. O-O Nf6 5. d3 h6 6. Nc3 d6 7. Re1 O-O 8. Be3 Bb6 9. Bxb6 axb6 10. d4 Bg4
11. d5 Nd4 12. Qd3 Bxf3 13. gxf3 Qd7 14. a3 Qh3 15. Re3 Nh5 16. f4 Qg4+ 17. Kf1 Nxf4 18. Qd1 Qg2+ 19. Ke1 Nxc2+ 20. Qxc2 Qg1+
21. Bf1 Ng2+ 22. Ke2 Nxe3 23. fxe3 Qxh2+ 24. Kd1 Qg1 25. Qe2 f5 26. Kd2 f4 27. exf4 Rxf4 28. Re1 Rf2 29. Bh3 Rxe2+ 30. Kxe2 Qh2+
0-1

[Event "Carlos Di Sarli in memorian"]
[Site "SchemingMind.com"]
[Date "2006.12.12"]
[Round "-"]
[White "Manfred Kraut"]
[Black "Quanah4"]
[Result "0-1"]
[WhiteCountry "GER"]
[BlackCountry "USA"]
[WhiteElo "1243"]
[WhiteRD "61"]
[BlackElo "1611"]
[BlackRD "90"]
[GameID "81433"]

1. e4 e6 2. d4 d5 3. e5 c5 4. dxc5 Bxc5 5. Nf3 f6 6. Be3 Bxe3 7. fxe3 fxe5 8. Nxe5 Nf6 9. Qf3 O-O 10. Nc3 Ne4
11. Nxe4 Rxf3 12. gxf3 dxe4 13. fxe4 Qa5+ 14. c3 Qxe5 15. O-O-O Nc6 16. Bc4 b5 17. Be2 Bb7 18. Bxb5 Qxb5 19. Rd7 Rd8 20. Rxd8+ Nxd8
21. Rd1 Qe8 22. b4 Bxe4 23. Rd4 Bg6 24. Kb2 Nc6 25. Rc4 a6 26. a4 Ne5 27. Rc5 Nd3+
0-1

[Event "Carlos Di Sarli in memorian"]
[Site "SchemingMind.com"]
[Date "2006.12.10"]
[Round "-"]
[White "juanca"]
[Black "Manfred Kraut"]
[Result "1-0"]
[WhiteCountry "ESP"]
[BlackCountry "GER"]
[WhiteElo "1392"]
[WhiteRD "72"]
[BlackElo "1243"]
[BlackRD "61"]
[GameID "81434"]

1. e4 e5 2. Nf3 Nc6 3. Bc4 h6 4. O-O Bc5 5. Nc3 d6 6. d3 Nf6 7. Bd2 O-O 8. h3 a6 9. Na4 Bd7 10. Nxc5 dxc5
11. c3 Na5 12. Be3 Nxc4 13. dxc4 Nxe4 14. Nxe5 Bc6 15. Nxc6 bxc6 16. Qf3 Rb8 17. Qxe4 Rxb2 18. Qxc6 Re8 19. Bxc5 Rc2 20. Bd4 Re6
21. Qf3 Rg6 22. Rad1 Qg5 23. Rfe1 Rxa2 24. Qa8+ Kh7 25. Re8 Rd6 26. Rh8+ Kg6 27. Qe4+ Kh5 28. g4+ Kh4 29. f4 Qa5 30. f5 Qxc3
31. g5+ Kxg5 32. Qg4#
1-0

[Event "Carlos Di Sarli in memorian"]
[Site "SchemingMind.com"]
[Date "2006.12.11"]
[Round "-"]
[White "Brerrabbit"]
[Black "Manfred Kraut"]
[Result "1-0"]
[WhiteCountry "SCO"]
[BlackCountry "GER"]
[WhiteElo "1316"]
[WhiteRD "65"]
[BlackElo "1243"]
[BlackRD "61"]
[GameID "81435"]

1. e4 e5 2. Nf3 Nc6 3. Nc3 Bc5 4. Bc4 Nf6 5. Ng5 O-O 6. Nd5 Nxd5 7. Bxd5 Qxg5 8. O-O d6 9. d4 Nxd4 10. Bxg5 h6
11. Bxh6 gxh6 12. c3 Nc6 13. Qh5 Ne7 14. Qxh6 Ng6 15. Bxf7+ Rxf7 16. Qxg6+ Rg7 17. Qh5 Bg4 18. Qh4 Rf8 19. b4 Bb6 20. Rae1 c5
21. b5 Bd8 22. Qh6 Bg5 23. Qxd6 Rd8 24. Qxc5 Bd2 25. Re2 Bh3 26. f3 Bf4 27. g4 b6 28. Qc4+ Kh7 29. Rb1 Kg6 30. Qe6+ Kg5
31. Qf5+ Kh6 32. Qf6+ Kh7 33. Qxd8 Kh6 34. Qh4+ Kg6 35. Qxh3 Rh7 36. Qf1 Kg5 37. h3
1-0

[Event "Carlos Di Sarli in memorian"]
[Site "SchemingMind.com"]
[Date "2006.12.10"]
[Round "-"]
[White "mart_r3000"]
[Black "Manfred Kraut"]
[Result "1-0"]
[WhiteCountry "ENG"]
[BlackCountry "GER"]
[WhiteElo "1281"]
[WhiteRD "52"]
[BlackElo "1297"]
[BlackRD "60"]
[GameID "81436"]

1. e4 e5 2. d4 f6 3. dxe5 fxe5 4. Qh5+ g6 5. Qxe5+ Qe7 6. Qxc7 Qxe4+ 7. Be2 Ne7 8. Nf3 Na6 9. Qc3 Rg8 10. Be3 Nd5
11. Qe5+ Qxe5 12. Nxe5 d6 13. Bb5+ Ke7 14. Bg5+ Ke6 15. f4 h6 16. Bh4 g5 17. Bg3 Nxf4 18. Nc4 Nxg2+ 19. Kf2 Nf4 20. Re1+ Kf5
21. Ne3+ Kg6 22. Nc3 Nh3+ 23. Kf3 Be7 24. Bd3+ Kh5 25. Be2 g4+ 26. Kg2 b6 27. Ncd5 Bb7 28. Rad1 Nc5 29. Rf1 Ne4 30. Rf5+ Neg5
31. Bxg4+ Kg6 32. Kf1 Raf8 33. Nxe7+ Kh7 34. Rxd6 Rxf5+ 35. Bxf5+ Kg7 36. Nxg8 Kxg8 37. Ng4 h5 38. Nh6+ Kg7 39. Be5+ Kf8 40. Rd7
1-0

[Event "Carlos Di Sarli in memorian"]
[Site "SchemingMind.com"]
[Date "2006.12.10"]
[Round "-"]
[White "Tahur"]
[Black "Manfred Kraut"]
[Result "1-0"]
[WhiteCountry "ARG"]
[BlackCountry "GER"]
[WhiteElo "1462"]
[WhiteRD "59"]
[BlackElo "1243"]
[BlackRD "61"]
[GameID "81437"]

1. e4 e5 2. Nf3 Nc6 3. Bc4 h6 4. a3 Nf6 5. Nc3 a6 6. d3 Bc5 7. b4 Ba7 8. h3 O-O 9. O-O Nd4 10. Nxd4 Bxd4
11. Bb2 b5 12. Bd5 c6 13. Bb3 c5 14. bxc5 Bxc5 15. Nd5 Bb7 16. Bxe5 Nxd5 17. exd5 Re8 18. Re1 Qg5 19. Bc7 Qf6 20. Qf3 Qxf3
21. gxf3 d6 22. Ba5 g5 23. c4 bxc4 24. dxc4 Re5 25. Bc3 Rxe1+ 26. Bxe1 a5 27. Bd2 f6 28. f4 Kg7 29. fxg5 hxg5 30. a4 Re8
31. Bxa5 Bd4 32. Rd1 Be5 33. Bc7 Re7 34. Bb6 Bc8 35. Kg2 g4 36. hxg4 Kg6 37. f3 Kg5 38. Be3+ Bf4 39. Bxf4+ Kxf4 40. Rc1 Re2+
41. Kh3 Kxf3 42. Bd1 Bxg4+ 43. Kh4 Bf5 44. Bxe2+ Kxe2 45. a5 Bc8 46. c5 dxc5 47. Rxc5 Bd7 48. a6 f5 49. a7 f4 50. a8=Q f3
51. Qa2+ Ke3 52. Rc3+ Kf4 53. Qc4+ Ke5 54. Rxf3 Kd6 55. Re3 Bf5 56. Qc6#
1-0

[Event "Carlos Di Sarli in memorian"]
[Site "SchemingMind.com"]
[Date "2006.12.11"]
[Round "-"]
[White "Negrito19"]
[Black "Manfred Kraut"]
[Result "1-0"]
[WhiteCountry "ARG"]
[BlackCountry "GER"]
[WhiteElo "1551"]
[WhiteRD "55"]
[BlackElo "1297"]
[BlackRD "60"]
[GameID "81438"]

1. e4 e5 2. Nf3 Nc6 3. d4 exd4 4. Nxd4 Bc5 5. Be3 Nf6 6. Nxc6 bxc6 7. Bxc5 d6 8. e5 dxc5 9. Qxd8+ Kxd8 10. exf6 Re8+
11. Be2 gxf6 12. Nc3 Rb8 13. O-O-O+ Bd7 14. f3 Kc8 15. Ba6+ Kd8 16. Ne4 Rb6 17. Nxc5 Re7 18. Rd4 Ke8 19. Rhd1 Bf5 20. Rd8#
1-0

[Event "Carlos Di Sarli in memorian"]
[Site "SchemingMind.com"]
[Date "2006.12.11"]
[Round "-"]
[White "Guillote"]
[Black "Manfred Kraut"]
[Result "1-0"]
[WhiteCountry "ARG"]
[BlackCountry "GER"]
[WhiteElo "1587"]
[WhiteRD "76"]
[BlackElo "1297"]
[BlackRD "60"]
[GameID "81440"]

1. e4 e5 2. Nf3 Nc6 3. Bb5 a6 4. Bxc6 bxc6 5. Nxe5 d5 6. Nxc6 Qd6 7. exd5 Qxd5 8. Qe2+ Be6 9. Qf3 Qxf3 10. gxf3 Bc5
11. d4 Bb4+ 12. Nxb4 Nf6 13. Nc3 O-O 14. Be3 Rfe8 15. O-O-O a5 16. Nc6 Ra6 17. Ne5 Rd8 18. Rhg1 Nd5 19. Nb5 Nb4 20. Nxc7 Rad6
21. Nxe6 fxe6 22. a3 Nd5 23. h4 Nxe3 24. fxe3 g6 25. h5 g5 26. Rxg5+ Kf8 27. Rdg1 Rd5 28. Rg8+ Ke7 29. Nc6+
1-0

[Event "Carlos Di Sarli in memorian"]
[Site "SchemingMind.com"]
[Date "2006.12.12"]
[Round "-"]
[White "Quanah4"]
[Black "Manfred Kraut"]
[Result "1-0"]
[WhiteCountry "USA"]
[BlackCountry "GER"]
[WhiteElo "1611"]
[WhiteRD "90"]
[BlackElo "1243"]
[BlackRD "61"]
[GameID "81441"]

1. d4 g6 2. e3 Bg7 3. Nc3 Nf6 4. Nf3 O-O 5. b3 d5 6. Bb2 a6 7. g3 Bg4 8. Bg2 Ne4 9. O-O Nc6 10. h3 Bxf3
11. Bxf3 Nxc3 12. Bxc3 b5 13. Bb2 Qd7 14. Rc1 Qxh3 15. Bxd5 Rad8 16. Bxc6 e5 17. Bg2 Qf5 18. c3 exd4 19. cxd4 Qc8 20. Qc2 Rd7
21. Bh3 Rfd8 22. Bxd7 Rxd7 23. Rfd1 Qb7 24. e4 c5 25. d5 c4 26. Bxg7 Kxg7 27. bxc4 b4 28. Rb1 a5 29. a3 Rc7 30. axb4 axb4
31. Qb2+ f6 32. Qxb4 Qxb4 33. Rxb4 h6 34. Rc1 f5 35. e5 Kf7 36. Rcb1 g5 37. Rb7 Rxb7 38. Rxb7+ Kg6 39. c5
1-0

[Event "Carlos Di Sarli in memorian"]
[Site "SchemingMind.com"]
[Date "2006.12.11"]
[Round "-"]
[White "nwhitelaw"]
[Black "juanca"]
[Result "0-1"]
[WhiteCountry "GBR"]
[BlackCountry "ESP"]
[WhiteElo "1309"]
[WhiteRD "65"]
[BlackElo "1320"]
[BlackRD "82"]
[GameID "81563"]

1. e4 e5 2. Nf3 Nc6 3. Bc4 Nd4 4. Nxe5 Qg5 5. Bxf7+ Kd8 6. O-O Qxe5 7. d3 Bd6 8. g3 Nf6 9. f4 Qc5 10. Qg4 Nxg4
11. h3 Nf6 12. Be3 Ne2+ 13. Kf2 Qxc2 14. Bb3 Nd4+ 15. Bxc2 Nxc2 16. Nc3 Nxa1 17. e5 Nc2 18. Bd2 Bc5+ 19. Kg2 Ne8 20. g4 d6
21. Nd5 dxe5 22. fxe5 Be6 23. Nf4 Bxa2 24. Rc1 Bb3 25. e6 Rf8 26. Ne2 Rf2+
0-1

[Event "Carlos Di Sarli in memorian"]
[Site "SchemingMind.com"]
[Date "2006.12.11"]
[Round "-"]
[White "nwhitelaw"]
[Black "Brerrabbit"]
[Result "1-0"]
[WhiteCountry "GBR"]
[BlackCountry "SCO"]
[WhiteElo "1309"]
[WhiteRD "65"]
[BlackElo "1342"]
[BlackRD "71"]
[GameID "81564"]

1. e4 e5 2. Bc4 Nf6 3. Nf3 Nc6 4. Nc3 Bc5 5. O-O d5 6. exd5 Nd4 7. Nxe5 Bb4 8. d6 O-O 9. Nxf7 Rxf7 10. Bxf7+ Kxf7
11. Nb5 cxd6 12. Nxd4 Qb6 13. c3 Bc5 14. b4 Bxd4 15. Qa4 Bd7 16. Qc2 Ng4 17. cxd4 Qxd4 18. h3 Rc8 19. Qb3+ Be6 20. Qf3+ Nf6
21. Qxb7+ Bd7 22. Ba3 Qd3 23. Bb2 Qxd2 24. Bxf6 Ke6 25. Bxg7 Rg8 26. Rae1+ Kf7 27. Qxd7+
1-0

[Event "Carlos Di Sarli in memorian"]
[Site "SchemingMind.com"]
[Date "2006.12.11"]
[Round "-"]
[White "nwhitelaw"]
[Black "Manfred Kraut"]
[Result "0-1"]
[WhiteCountry "GBR"]
[BlackCountry "GER"]
[WhiteElo "1309"]
[WhiteRD "65"]
[BlackElo "1297"]
[BlackRD "60"]
[GameID "81565"]

1. e4 e5 2. Qf3 Nf6 3. g3 d6 4. Bh3 Bxh3 5. Nxh3 Qd7 6. Qb3 b6 7. Ng5 Nc6 8. d3 Be7 9. Qxf7+ Kd8 10. Ne6+ Kc8
11. Nxg7 Rf8 12. Qc4 Ng4 13. Ne6 Rxf2 14. Qa6+ Kb8 15. Qb5 Rf6 16. Bg5 Rxe6 17. Nc3 Bxg5 18. h3 Ne3 19. h4 Nxc2+ 20. Kf2 Qf7+
21. Kg2 Nxa1 22. Qxc6 Nc2 23. Rf1 Ne3+ 24. Kh2 Qxf1
0-1

[Event "Carlos Di Sarli in memorian"]
[Site "SchemingMind.com"]
[Date "2006.12.11"]
[Round "-"]
[White "nwhitelaw"]
[Black "mart_r3000"]
[Result "0-1"]
[WhiteCountry "GBR"]
[BlackCountry "ENG"]
[WhiteElo "1309"]
[WhiteRD "65"]
[BlackElo "1281"]
[BlackRD "52"]
[GameID "81566"]

1. e4 e5 2. Nf3 f5 3. Nxe5 Nc6 4. d4 fxe4 5. Qh5+ g6 6. Nxg6 Nf6 7. Qg5 Rg8 8. Qe3 Rxg6 9. Nc3 d5 10. b3 Bd6
11. Be2 Nb4 12. O-O Bxh2+ 13. Kxh2 Ng4+ 14. Bxg4 Qh4+ 15. Kg1 Qxg4 16. Qg3 Nxc2 17. Qxg4 Bxg4 18. Rb1 Bh3 19. Nxd5 Rxg2+ 20. Kh1 O-O-O
21. Bf4 Rxd5 22. Rbc1 Nxd4 23. Rxc7+ Kd8 24. Rxh7 Rg4 25. Bg5+ Ke8 26. Rh8+ Kf7 27. Rxh3 Rgxg5 28. f4 Rdf5 29. Rh7+ Ke6 30. fxg5 Rxf1+
31. Kg2 Rf3 32. g6 e3 33. g7 Kf7 34. Rh4 Rf2+ 35. Kg3 Nf5+
0-1

[Event "Carlos Di Sarli in memorian"]
[Site "SchemingMind.com"]
[Date "2006.12.11"]
[Round "-"]
[White "nwhitelaw"]
[Black "Tahur"]
[Result "0-1"]
[WhiteCountry "GBR"]
[BlackCountry "ARG"]
[WhiteElo "1309"]
[WhiteRD "65"]
[BlackElo "1468"]
[BlackRD "55"]
[GameID "81567"]

1. e4 e5 2. Bc4 Nf6 3. Qf3 Nc6 4. Nc3 Bc5 5. Nd5 Nxd5 6. Bxd5 O-O 7. Qg3 d6 8. d3 a6 9. Bh6 Qf6 10. Nf3 Qxh6
11. O-O Nd4 12. Nxd4 Bxd4 13. c3 Bc5 14. b4 Bb6 15. a4 a5 16. Rab1 axb4 17. cxb4 Rxa4 18. h3 c6 19. Bc4 c5 20. bxc5 Bxc5
21. Rxb7 Bxb7 22. Bd5 Bxd5 23. exd5 Rd4 24. Kh1 Qf4
0-1

[Event "Carlos Di Sarli in memorian"]
[Site "SchemingMind.com"]
[Date "2006.12.11"]
[Round "-"]
[White "nwhitelaw"]
[Black "Negrito19"]
[Result "0-1"]
[WhiteCountry "GBR"]
[BlackCountry "ARG"]
[WhiteElo "1309"]
[WhiteRD "65"]
[BlackElo "1551"]
[BlackRD "55"]
[GameID "81568"]

1. e4 e5 2. Bc4 Nf6 3. Qf3 Nc6 4. Nh3 Nd4 5. Qd3 Bc5 6. O-O b6 7. c3 Nc6 8. b4 Be7 9. Ng5 O-O 10. Qh3 d5
11. Bxd5 Bxh3 12. Bxc6 Bxg2 13. Kxg2 Rb8 14. d4 exd4 15. cxd4 Qxd4 16. Bb2 Qxb2 17. Nc3 Nh5 18. Rac1 Bxg5 19. e5 Bxc1 20. Ne4 Nf4+
21. Kg1 Ne2+ 22. Kh1 Qxe5 23. Ng3 Nxg3+
0-1

[Event "Carlos Di Sarli in memorian"]
[Site "SchemingMind.com"]
[Date "2006.12.13"]
[Round "-"]
[White "nwhitelaw"]
[Black "alejandra"]
[Result "1-0"]
[WhiteCountry "GBR"]
[BlackCountry "ARG"]
[WhiteElo "1355"]
[WhiteRD "62"]
[BlackElo "1184"]
[BlackRD "80"]
[GameID "81569"]

1. e4 Nf6 2. d3 d5 3. Bf4 Nc6 4. c4 e6 5. Nf3 Bb4+ 6. Nc3 b6 7. Qa4 Bb7 8. cxd5 exd5 9. O-O-O O-O 10. exd5 Nxd5
11. Nxd5 Qxd5 12. d4 Qe4 13. Bxc7 Bc8 14. Bd3
1-0

[Event "Carlos Di Sarli in memorian"]
[Site "SchemingMind.com"]
[Date "2006.12.11"]
[Round "-"]
[White "nwhitelaw"]
[Black "Guillote"]
[Result "1-0"]
[WhiteCountry "GBR"]
[BlackCountry "ARG"]
[WhiteElo "1309"]
[WhiteRD "65"]
[BlackElo "1587"]
[BlackRD "76"]
[GameID "81570"]

1. e4 e5 2. Bc4 Nf6 3. Nc3 Bb4 4. Nd5 Ba5 5. Qf3 Nxd5 6. Bxd5 O-O 7. Nh3 d6 8. O-O Na6 9. d3 Bxh3 10. Qxh3 Nc5
11. Qg4 Kh8 12. d4 exd4 13. Bg5 Qd7 14. Qh5 Ne6 15. Rad1 Nxg5 16. Qxg5 c6 17. Bc4 Bb6 18. Rxd4 Bxd4 19. Bd3 Bxb2 20. e5 Bxe5
21. Qh4 g6 22. f4 Bd4+ 23. Kh1 c5 24. f5 Rae8 25. fxg6 fxg6 26. Rxf8+ Rxf8 27. Qh6 Qf7 28. h3 Qxa2 29. Qxf8+ Qg8 30. Qxd6 Qe8
31. h4 Qe1+ 32. Bf1 Qxf1+ 33. Kh2 Qe2 34. Qf8#
1-0

[Event "Carlos Di Sarli in memorian"]
[Site "SchemingMind.com"]
[Date "2006.12.12"]
[Round "-"]
[White "nwhitelaw"]
[Black "Quanah4"]
[Result "1-0"]
[WhiteCountry "GBR"]
[BlackCountry "USA"]
[WhiteElo "1294"]
[WhiteRD "64"]
[BlackElo "1611"]
[BlackRD "90"]
[GameID "81571"]

1. e4 e6 2. Qf3 d5 3. e5 c5 4. Bb5+ Bd7 5. Nc3 f6 6. d3 Nc6 7. Nge2 fxe5 8. O-O e4 9. dxe4 Ne5 10. Qh5+ g6
11. Qxe5 Nf6 12. Bg5 Be7 13. exd5 exd5 14. Bxf6 Rf8 15. Nxd5 Rxf6 16. Nxf6+ Kf7 17. Bc4+ Kf8 18. Nxh7+ Ke8 19. Qh8+
1-0

[Event "Carlos Di Sarli in memorian"]
[Site "SchemingMind.com"]
[Date "2006.12.11"]
[Round "-"]
[White "juanca"]
[Black "nwhitelaw"]
[Result "0-1"]
[WhiteCountry "ESP"]
[BlackCountry "GBR"]
[WhiteElo "1320"]
[WhiteRD "82"]
[BlackElo "1309"]
[BlackRD "65"]
[GameID "81572"]

1. e4 e5 2. Nf3 Qf6 3. Nc3 Bc5 4. Bc4 d6 5. Nd5 Qd8 6. O-O c6 7. Nc3 Na6 8. d3 Nf6 9. Bg5 d5 10. exd5 O-O
11. Nxe5 Bg4 12. Nxg4 Qd6 13. Bxf6 gxf6 14. Ne4 Qf4 15. Nexf6+ Kh8 16. Nd7 Rg8 17. dxc6 Rxg4 18. cxb7 Rag8 19. g3 Rxg3+ 20. hxg3 Qxg3+
21. Kh1 Qh3#
0-1

[Event "Carlos Di Sarli in memorian"]
[Site "SchemingMind.com"]
[Date "2006.12.11"]
[Round "-"]
[White "Brerrabbit"]
[Black "nwhitelaw"]
[Result "1-0"]
[WhiteCountry "SCO"]
[BlackCountry "GBR"]
[WhiteElo "1342"]
[WhiteRD "71"]
[BlackElo "1309"]
[BlackRD "65"]
[GameID "81573"]

1. e4 Nf6 2. Nc3 d5 3. d4 dxe4 4. Nge2 Bf5 5. Bg5 Ng4 6. Ng3 e3 7. fxe3 Qd6 8. Be2 Nxh2 9. Nxf5 Qg6 10. Rxh2 Qxg5
11. Nh4 Qg3+ 12. Kf1 Qxh2 13. Nf3 Qh6 14. Qd3 Qh1+ 15. Ng1 e6 16. Qb5+ Nc6 17. Qxb7 Rd8 18. Qxc6+ Rd7 19. Bb5 Ke7 20. Qxd7+ Kf6
21. Ne4+ Kg6 22. Bd3 f5 23. Qe8+ Kh6 24. Qxe6+ g6 25. g4 fxg4 26. Qxg4 Qh5 27. Qxh5+ gxh5 28. a4 h4 29. a5 Be7 30. a6 Rf8+
31. Ke1 Rf3 32. Nxf3
1-0

[Event "Carlos Di Sarli in memorian"]
[Site "SchemingMind.com"]
[Date "2006.12.11"]
[Round "-"]
[White "Manfred Kraut"]
[Black "nwhitelaw"]
[Result "1-0"]
[WhiteCountry "GER"]
[BlackCountry "GBR"]
[WhiteElo "1297"]
[WhiteRD "60"]
[BlackElo "1309"]
[BlackRD "65"]
[GameID "81574"]

1. e4 e5 2. Nf3 d6 3. Nc3 Be6 4. b3 c5 5. Bc4 Nf6 6. Bxe6 fxe6 7. Qe2 d5 8. exd5 exd5 9. Nxe5 Bd6 10. Nc6+ Qe7
11. Nxe7 Bxe7 12. Nb5 Na6 13. Ba3 b6 14. Nd6+ Kf8 15. Qxa6 Bxd6 16. Qb7 Rb8 17. Qxa7 h5 18. c3 Kg8 19. O-O Kh7 20. Qf7 Bf4
21. d4 Bd2 22. dxc5 Bxc3 23. Rac1 Ra8 24. cxb6 Rxa3 25. Rxc3 Rxa2 26. Rc6 Kh6 27. Rxf6+ gxf6 28. Qxf6+ Kh7 29. Re1 Rg8 30. Re7+
1-0

[Event "Carlos Di Sarli in memorian"]
[Site "SchemingMind.com"]
[Date "2006.12.11"]
[Round "-"]
[White "mart_r3000"]
[Black "nwhitelaw"]
[Result "0-1"]
[WhiteCountry "ENG"]
[BlackCountry "GBR"]
[WhiteElo "1281"]
[WhiteRD "52"]
[BlackElo "1309"]
[BlackRD "65"]
[GameID "81575"]

1. e4 e5 2. Nf3 Bd6 3. d4 Nf6 4. dxe5 Bxe5 5. Nxe5 Qe7 6. f4 Nxe4 7. Be3 O-O 8. Bd3 Qh4+ 9. g3 Nxg3 10. Bf2 Qxf4
11. hxg3 Qxe5+ 12. Be2 Nc6 13. O-O d6 14. Nc3 Bh3 15. Re1 Rae8 16. Nd5 Qe4 17. Bf3 Qg6 18. Nxc7 Re5 19. Bxc6 bxc6 20. Qd2 Rc8
21. Rxe5 dxe5 22. Rd1 h5 23. Kh2 Bg4 24. Re1 e4 25. Bxa7 h4 26. Bb6 Bf3 27. Nd5 Qxg3#
0-1

[Event "Carlos Di Sarli in memorian"]
[Site "SchemingMind.com"]
[Date "2006.12.11"]
[Round "-"]
[White "Tahur"]
[Black "nwhitelaw"]
[Result "0-1"]
[WhiteCountry "ARG"]
[BlackCountry "GBR"]
[WhiteElo "1468"]
[WhiteRD "55"]
[BlackElo "1309"]
[BlackRD "65"]
[GameID "81576"]

1. e4 e5 2. Nf3 Nc6 3. Nc3 Bc5 4. Bc4 d6 5. d3 Nd4 6. Be3 Ne7 7. h3 O-O 8. a3 Nxf3+ 9. Qxf3 Be6 10. Bxe6 fxe6
11. Qg3 Bxe3 12. Qxe3 d5 13. exd5 Nxd5 14. Nxd5 Qxd5 15. Rg1 Qa5+ 16. c3 Qb6 17. Qxb6 axb6 18. f3 b5 19. O-O-O b6 20. Rde1 Rf5
21. Ref1 h5 22. g4 hxg4 23. fxg4 Rxf1+ 24. Rxf1 g6 25. Re1 Kf7 26. Rxe5 Ra5 27. d4 Kf6 28. h4 c5 29. dxc5 Kxe5 30. cxb6 Ra8
31. Kb1 Rb8 32. b3 Rxb6 33. Kc2 Kf4 34. g5 e5 35. a4 bxa4 36. bxa4 e4 37. c4 Rb4 38. c5 Rxa4 39. Kb3 Ra8 40. Kc4 e3
41. h5 e2 42. hxg6 e1=Q 43. c6 Qe6+ 44. Kc5 Qxg6 45. Kb6 Qxg5 46. c7 Qa5+ 47. Kb7 Qa6#
0-1

[Event "Carlos Di Sarli in memorian"]
[Site "SchemingMind.com"]
[Date "2006.12.11"]
[Round "-"]
[White "Negrito19"]
[Black "nwhitelaw"]
[Result "1-0"]
[WhiteCountry "ARG"]
[BlackCountry "GBR"]
[WhiteElo "1551"]
[WhiteRD "55"]
[BlackElo "1309"]
[BlackRD "65"]
[GameID "81577"]

1. e4 e5 2. Nf3 Qf6 3. Bc4 Ne7 4. d3 Ng6 5. Bg5 Qb6 6. b3 Nc6 7. Nc3 Bb4 8. Bd2 O-O 9. Nd5 Bxd2+ 10. Qxd2 Qa5
11. Qxa5 Nxa5 12. Nxc7 Rb8 13. d4 d6 14. dxe5 dxe5 15. O-O Nxc4 16. bxc4 Bg4 17. Nd2 Rbd8 18. Nd5 Rc8 19. f3 Be6 20. h4 Nxh4
21. Ne7+ Kh8 22. Nxc8 Rxc8 23. Rab1 b6 24. f4 exf4 25. Rxf4 g5 26. Rf6 Rd8 27. g3 Ng6 28. Rf2 Ne5 29. Rb4 Nc6 30. Rb5 Nd4
31. Rxg5 Nxc2 32. Nf3 Ne3 33. Ne5 Rf8 34. Rf3 Nxc4 35. Nxc4 Bxc4 36. a3 Be2 37. Re3 f6 38. Rf5 Bg4 39. Rf4 Bd7 40. e5 f5
41. e6 Bc6 42. g4 a5 43. Rxf5 Rg8 44. Rg3 b5 45. e7 h5 46. Rf8 h4 47. Rh3 Kg7 48. Rxg8+ Kxg8 49. Rxh4 b4 50. Rh6 Bd7
51. axb4 axb4 52. g5 b3 53. Rb6 Kf7 54. Rxb3 Kxe7 55. Rf3 Be6 56. g6 Ke8 57. Kh2 Ke7 58. Kg3 Bd5 59. Rf4 Be6 60. Kh4 Bb3
61. g7 Bd5 62. Kg5 Bg8 63. Kh6 Bf7 64. Kh7 Ke8 65. Rxf7
1-0

[Event "Carlos Di Sarli in memorian"]
[Site "SchemingMind.com"]
[Date "2006.12.13"]
[Round "-"]
[White "alejandra"]
[Black "nwhitelaw"]
[Result "0-1"]
[WhiteCountry "ARG"]
[BlackCountry "GBR"]
[WhiteElo "1184"]
[WhiteRD "80"]
[BlackElo "1355"]
[BlackRD "62"]
[GameID "81578"]

1. e4 e5 2. d4 Qf6 3. Nf3 exd4 4. Bg5 Qe6 5. Bd3 Qg4 6. Rg1 Bb4+ 7. c3 dxc3 8. bxc3 Bc5 9. Bc4 Nf6 10. Nbd2 Nxe4
11. Rb1 Bxf2+ 12. Ke2 Nxc3+ 13. Kxf2 Nxd1+ 14. Rbxd1 O-O
0-1

[Event "Carlos Di Sarli in memorian"]
[Site "SchemingMind.com"]
[Date "2006.12.11"]
[Round "-"]
[White "Guillote"]
[Black "nwhitelaw"]
[Result "1-0"]
[WhiteCountry "ARG"]
[BlackCountry "GBR"]
[WhiteElo "1587"]
[WhiteRD "76"]
[BlackElo "1309"]
[BlackRD "65"]
[GameID "81579"]

1. e4 e5 2. Nf3 Nc6 3. Bc4 Nf6 4. Nc3 g6 5. d3 Bg7 6. Ng5 O-O 7. Be3 d6 8. Nf3 Nd4 9. Nxd4 c5 10. Nf3 Qb6
11. O-O Be6 12. Bb3 d5 13. exd5 Bd7 14. Nxe5 Rac8 15. Nxd7 Nxd7 16. Qd2 a5 17. Bh6 Bxh6 18. Qxh6 Nf6 19. Ne4 Ng4 20. Qg5 h5
21. h3 Nxf2 22. Rxf2 f5 23. Nf6+ Kg7 24. Nd7 Qd6 25. Nxf8 Qxf8 26. Raf1 b5 27. Rxf5 Qd6 28. Rf7+ Kg8 29. Qh6
1-0

[Event "Carlos Di Sarli in memorian"]
[Site "SchemingMind.com"]
[Date "2006.12.12"]
[Round "-"]
[White "Quanah4"]
[Black "nwhitelaw"]
[Result "1-0"]
[WhiteCountry "USA"]
[BlackCountry "GBR"]
[WhiteElo "1608"]
[WhiteRD "101"]
[BlackElo "1309"]
[BlackRD "65"]
[GameID "81580"]

1. d4 d5 2. e3 Bf5 3. c4 c5 4. Nc3 Nf6 5. Nf3 g6 6. b3 Qa5 7. Bd2 Bg7 8. Nxd5 Qa3 9. Nc7+ Kd8 10. Nxa8 Qb2
11. Ba5+ b6 12. dxc5+ Nfd7 13. cxb6 Bc3+ 14. Nd2 Bxa5 15. bxa7 Bxd2+ 16. Ke2 Bb4+ 17. Kf3 g5 18. axb8=Q#
1-0